[Event "EYCC 2017"]
[Site "Mamaia"]
[Date "2017.09.11"]
[Round "6"]
[White "Balajayeva, Khanim"]
[Black "Rogozenco, Teodora"]
[Result "1-0"]
[WhiteElo "2342"]
[BlackElo "2024"]
[Annotator "TA"]
[PlyCount "93"]
[EventDate "2017.??.??"]
[EventType "swiss"]
[EventCountry "ROU"]
[SourceTitle "playchess.com"]
[Source "ChessBase"]
[SourceQuality "1"]

{[%evp 16,93,15,0,0,0,6,-8,2,-12,-2,-6,-8,0,20,-27,-5,-1,-1,-7,0,-26,-36,-38,-41,-34,-34,-25,-20,-25,0,0,0,-25,-30,-48,-27,-44,-47,-58,-12,-53,-53,-62,-49,-99,0,-32,-37,-35,97,112,96,-31,0,0,276,275,268,237,1234,1272,1237,1105,1243,1124,1858,1850,1773,1754,1446,1206,12840,12763,29971,29971,12849,5595,5114,4788]} 1. e4 e5 2. Nf3 Nc6 3. Bc4 Bc5 4. c3 Nf6 5. d3 a6 6. O-O d6 7. a4 h6 8. Na3 {C54: Giuoco Piano: 4 c3 Nf6, main lines with 5 d4 and 5 d3} O-O 9. Nc2 {LiveBook: 21 Games} (9. b4 $5 {[%cal Rb4c5]} Ba7 10. Nc2 $11) 9... d5 10. exd5 {The position is equal.} Nxd5 11. Re1 $146 ({Predecessor:} 11. d4 exd4 12. Ncxd4 Nxd4 13. Nxd4 Nb6 14. Bb3 Bxd4 {½-½ (14) Shimanov,A (2639)-Le,Q (2723) Saint Louis 2016}) 11... Be6 12. Qe2 Qf6 13. Bd2 Rfe8 14. b4 Bd6 15. b5 (15. Qe4 {with more complications.} Nf4 16. Bxe6 Qxe6 17. Bxf4 exf4 18. Qxe6 Rxe6 19. Rxe6 fxe6 20. Re1) 15... axb5 16. axb5 {And now Rxa8 would win.} Rxa1 17. Nxa1 Na5 18. Bxd5 Bxd5 19. c4 Bxf3 $1 20. Qxf3 Qxf3 21. gxf3 Ra8 22. Bc3 $1 b6 (22... f6 {feels hotter.} 23. Re2 Ra7 24. Rc2 Kf7 25. c5 Be7) 23. Nc2 Rd8 24. Bxa5 bxa5 $11 {[%mdl 4096] Endgame KRB-KRN} 25. Kf1 a4 26. Ra1 Ra8 27. Ke2 f5 28. Ne3 g6 29. Nd5 a3 30. Ra2 Rb8 (30... Kf7 $17) 31. Kd2 (31. f4 $5) 31... Kf7 32. Kc3 Ke6 {[#]} (32... Ra8 $15 {stays ahead.}) 33. Nb4 $1 $16 Ra8 {[#]} 34. Kb3 (34. Na6 $1 $16) 34... g5 35. Na6 $1 {Hoping for c5.} c6 $2 {[%mdl 8192]} (35... e4 $1 $11) 36. c5 $18 cxb5 37. Rxa3 Bb8 $2 {[#]} (37... Kd7) 38. Nc7+ $1 {[%mdl 512]} Bxc7 39. Rxa8 {KR-KB} Kd5 40. Kb4 e4 41. fxe4+ fxe4 42. Rc8 Bxh2 43. Rd8+ Kc6 44. dxe4 h5 45. Rh8 h4 46. Rh6+ Kc7 47. Kxb5 {Precision: White = 54%, Black = 43%.} 1-0

[Event "EYCC 2017"]
[Site "Mamaia"]
[Date "2017.09.11"]
[Round "6"]
[White "Zachary, Matheo"]
[Black "Bjerre, Jonas Buhl"]
[Result "0-1"]
[WhiteElo "2325"]
[BlackElo "2348"]
[Annotator "TA"]
[PlyCount "112"]
[EventDate "2017.??.??"]
[EventType "swiss"]
[EventCountry "ROU"]
[SourceTitle "playchess.com"]
[Source "ChessBase"]
[SourceQuality "1"]

{[%evp 21,112,-10,25,0,20,20,27,21,23,18,25,29,27,16,49,52,58,59,58,24,30,0,0,0,20,6,8,10,27,6,6,7,9,0,12,7,28,34,41,0,29,0,0,0,0,0,0,0,16,-13,-10,-39,-16,-21,-8,-26,-2,-22,-36,-94,-98,-132,-122,-126,-107,-135,-131,-167,-159,-137,-162,-214,-189,-243,-245,-248,-241,-214,-164,-268,-254,-377,-405,-381,-377,-1030,-1029,-961,-933,-29979,-29980,-29996,-29995]} 1. e4 c5 2. Nf3 {[%cal Bg1f3,Bf3d4,Bd4e2,Be2c3,Bc3d5][%mdl 32]} d6 3. d4 cxd4 4. Nxd4 Nf6 5. Nc3 a6 6. h3 e5 7. Nde2 h5 {B90: Sicilian Najdorf: Unusual White 6th moves, 6 Be3 Ng4 and 6 Be3 e5} 8. Nd5 (8. g3 Nbd7 9. Bg2 b5 10. Nd5 Nxd5 11. Qxd5 Qc7 12. Be3 Bb7 13. Qd2 Rc8 14. Nc3 Nb6 15. Bxb6 Qxb6 {½-½ (33) Nakamura,H (2792)-Vachier Lagrave,M (2791) Saint Louis 2017}) 8... Nxd5 9. Qxd5 Nc6 10. Qd1 Be6 11. Nc3 Be7 {LiveBook: 3 Games} 12. Be2 $146 ({Find the theoretical novelty and annotate with similar games:} 12. Nd5 Rc8 13. Nxe7 Nxe7 14. Be2 Qd7 15. O-O {0-1 (62) Hovhannisyan,R (2631)-Gabuzyan,H (2585) Yerevan 2017}) 12... g6 13. Nd5 Rc8 14. c3 Bg5 15. O-O Bxc1 16. Rxc1 O-O 17. Qd2 Bxd5 18. Qxd5 Qc7 19. Rcd1 Rfd8 20. Kh1 Kg7 21. Rd2 Ne7 {[%cal Bc6e7,Be7c8,Bc8b6,Bb6a8,Ba8c7,Bc7e6][%mdl 32]} 22. Qb3 Qc6 23. Bf3 Rc7 24. Rfd1 Nc8 25. Rd5 Rcd7 26. Qc2 b5 27. Qe2 Nb6 (27... Ne7 $5 {[%cal Re7d5]}) 28. R5d3 Rh8 29. b3 Na8 30. Qd2 {[%cal Rd3d6]} Rhd8 31. Qg5 {White wants to play Bxh5.} Nc7 32. Qd2 Ne6 33. g3 a5 34. Bg2 h4 35. Kh2 Qb6 36. Bf3 hxg3+ 37. fxg3 Rc7 38. Bg4 Nc5 39. Re3 b4 40. c4 (40. cxb4 $15 Qxb4 41. Kg2) 40... a4 $17 41. Rf1 {[#]} axb3 $1 42. axb3 Ra8 43. Qf2 Rca7 44. Qf6+ Kg8 45. h4 {[#]} Qd8 $1 46. Qf3 (46. Qf2 {is a better defense.}) 46... Ra2+ 47. Kh3 (47. Kg1 {was called for.} Qe7 48. h5) 47... R8a7 $19 48. Rf2 Rxf2 49. Qxf2 Ra3 50. Qc2 (50. Qd2 $142) 50... Qa8 51. h5 (51. Bf3 $142) 51... Ra2 52. Qb1 gxh5 53. Bxh5 $2 (53. Bf5 Rd2 54. Qg1) 53... Ra1 54. Qc2 Rh1+ 55. Kg4 Qc8+ 56. Kg5 Ne6+ {Precision: White = 40%, Black = 61%.} 0-1

[Event "EYCC 2017"]
[Site "Mamaia"]
[Date "2017.09.11"]
[Round "6"]
[White "Zarubitski, Viachaslau"]
[Black "Trimitzios, Petros"]
[Result "1/2-1/2"]
[WhiteElo "2325"]
[BlackElo "2191"]
[Annotator "TA"]
[PlyCount "56"]
[EventDate "2017.??.??"]
[EventType "swiss"]
[EventCountry "ROU"]
[SourceTitle "playchess.com"]
[Source "ChessBase"]
[SourceQuality "1"]

{[%evp 19,56,6,11,3,14,5,39,32,33,20,17,20,20,14,17,22,18,2,6,0,5,-1,0,0,0,0,0,0,0,0,0,0,6,-6,0,0,0,0,0]} 1. e4 e5 2. Nf3 Nc6 3. Bb5 Nf6 4. O-O Nxe4 5. Re1 Nd6 6. Nxe5 Be7 7. Bf1 Nxe5 8. Rxe5 O-O 9. d4 Ne8 {C67: Ruy Lopez: Berlin Defence: 4 0-0 Nxe4} (9... Bf6 10. Re1 Nf5 11. d5 d6 12. Nd2 Re8 13. Ne4 Bd7 14. c3 h6 15. Bd3 Nh4 16. g3 Ng6 17. f4 c6 18. Be3 {½-½ (70) Anand,V (2786)-Kramnik,V (2808) Leuven 2017}) 10. Re1 d5 {LiveBook: 12 Games} 11. Bd3 Be6 $146 ({Predecessor:} 11... Nf6 12. c3 c6 13. Bg5 Re8 14. Nd2 Bg4 15. Qc2 h6 16. Bh4 Nh5 17. Bh7+ Kf8 18. Bxe7+ Rxe7 19. Bf5 Bxf5 20. Qxf5 {½-½ (20) Kovacevic,A (2541)-Gyimesi,Z (2616) Murska Sobota 2006}) 12. Nd2 {[%cal Bb1d2,Bd2f3,Bf3e5][%mdl 32]} Bf6 13. c3 Nd6 14. Qc2 g6 {The position is equal.} 15. Nf3 Bf5 16. Bxf5 Nxf5 17. Bf4 c6 18. Qb3 Qb6 19. Be5 Bxe5 20. Nxe5 Rad8 21. Nd3 Qc7 22. Re5 Nd6 23. Rae1 $36 {[%mdl 2048] White has some pressure.} Rfe8 24. Qa3 a5 25. Qb3 Rxe5 26. Rxe5 Re8 27. Rxe8+ Nxe8 28. Qd1 Qe7 {Precision: White = 77%, Black = 71%.} 1/2-1/2

[Event "EYCC 2017"]
[Site "Mamaia"]
[Date "2017.09.11"]
[Round "6"]
[White "Van Dael, Siem"]
[Black "Katopodis, Dimitrios"]
[Result "0-1"]
[WhiteElo "2319"]
[BlackElo "2210"]
[Annotator "RC"]
[PlyCount "140"]
[EventDate "2017.??.??"]
[EventType "swiss"]
[EventCountry "ROU"]
[SourceTitle "playchess.com"]
[Source "ChessBase"]
[SourceQuality "1"]
[TimeControl "40/5400+30:1800+30"]

1. e4 {[%emt 0:00:00]} d6 {[%emt 0:00:08]} 2. d4 {[%emt 0:00:00]} Nf6 {[%emt 0:00:08]} 3. Nc3 {[%emt 0:00:00]} e5 {[%emt 0:00:24]} 4. Nf3 {[%emt 0:00:01]} Nbd7 {[%emt 0:00:22]} 5. Bc4 {[%emt 0:00:13]} Be7 {[%emt 0:00:15]} 6. a4 {[%emt 0:00:09]} a5 {[%emt 0:00:58]} 7. O-O {[%emt 0:00:30]} O-O {[%emt 0:00:36]} 8. Ba2 {[%emt 0:02:25]} c6 {[%emt 0:01:09]} 9. Qe2 {[%emt 0:00:41]} h6 {[%emt 0:03:20]} 10. Rd1 {[%emt 0:00:35]} Qc7 {[%emt 0:03:08]} 11. h3 {[%emt 0:01:59]} exd4 {[%emt 0:03:57]} 12. Nxd4 {[%emt 0:08:56]} Nc5 {[%emt 0:06:03]} 13. Bf4 {[%emt 0:07:39]} Re8 {[%emt 0:15:54]} 14. Qc4 {[%emt 0:02:10]} Be6 {[%emt 0:08:07]} 15. Nxe6 {[%emt 0:24:24]} Nxe6 {[%emt 0:00:36]} 16. Bh2 {[%emt 0:00:42]} Rad8 {[%emt 0:03:04]} 17. Rd2 {[%emt 0:02:44]} Nd7 {[%emt 0:04:18]} 18. f4 {[%emt 0:16:57]} Qb6+ {[%emt 0:04:00]} 19. Kh1 {[%emt 0:00:09]} Qb4 {[%emt 0:06:24]} 20. Rad1 {[%emt 0:08:57]} Qxc4 {[%emt 0:04:38]} 21. Bxc4 {[%emt 0:00:07]} Nb6 {[%emt 0:00:56]} 22. Bxe6 {[%emt 0:17:36]} fxe6 {[%emt 0:00:15]} 23. b3 {[%emt 0:00:03]} d5 {[%emt 0:07:16]} 24. Bg1 {[%emt 0:01:48]} Nd7 {[%emt 0:02:35]} 25. Rd3 {[%emt 0:03:13]} Bc5 {[%emt 0:04:52]} 26. Bh2 {[%emt 0:00:29]} Nf6 {[%emt 0:02:27]} 27. e5 {[%emt 0:00:29]} Nd7 {[%emt 0:01:16]} 28. f5 {[%emt 0:00:32]} Bb6 {[%emt 0:02:50]} 29. Rf3 {[%emt 0:00:29]} exf5 {[%emt 0:01:28]} 30. Rxf5 {[%emt 0:00:01]} g6 {[%emt 0:01:38]} 31. Rf3 {[%emt 0:00:47]} Nxe5 {[%emt 0:00:50]} 32. Rf6 {[%emt 0:00:38]} Kg7 {[%emt 0:02:51]} 33. Rdf1 {[%emt 0:00:22]} Rd7 {[%emt 0:00:35]} 34. Ne2 {[%emt 0:00:41]} Nf7 {[%emt 0:03:36]} 35. Nc1 {[%emt 0:00:32]} Ng5 {[%emt 0:01:08]} 36. Nd3 {[%emt 0:00:25]} Ne4 {[%emt 0:01:58]} 37. R6f3 {[%emt 0:00:36]} Nd2 {[%emt 0:02:15]} 38. Ne5 {[%emt 0:00:01]} Nxf3 {[%emt 0:01:01]} 39. Nxd7 {[%emt 0:00:07]} Nxh2 {[%emt 0:00:19]} 40. Kxh2 {[%emt 0:00:00]} Bc7+ {[%emt 0:02:11]} 41. Kh1 {[%emt 0:07:48]} b6 {[%emt 0:01:23]} 42. Kg1 {[%emt 0:01:56]} h5 {[%emt 0:10:30]} 43. g4 {[%emt 0:01:40]} hxg4 {[%emt 0:02:05]} 44. hxg4 {[%emt 0:00:05]} Re2 {[%emt 0:04:19]} 45. c4 {[%emt 0:02:48]} d4 {[%emt 0:02:34]} 46. c5 {[%emt 0:01:52]} b5 {[%emt 0:02:46]} 47. axb5 {[%emt 0:03:41]} cxb5 {[%emt 0:00:01]} 48. Rd1 {[%emt 0:01:54]} Re4 {[%emt 0:02:33]} 49. g5 {[%emt 0:00:07]} Rg4+ {[%emt 0:01:24]} 50. Kf1 {[%emt 0:01:45]} Kf7 {[%emt 0:00:38]} 51. Ke2 {[%emt 0:03:36]} Ke6 {[%emt 0:00:58]} 52. c6 {[%emt 0:01:20]} Kd6 {[%emt 0:01:55]} 53. Nf6 {[%emt 0:00:29]} Rg2+ {[%emt 0:01:10]} 54. Kf3 {[%emt 0:00:33]} Rc2 {[%emt 0:00:29]} 55. Rxd4+ {[%emt 0:01:22]} Kxc6 {[%emt 0:00:11]} 56. Nd5 {[%emt 0:01:56]} Bd6 {[%emt 0:01:41]} 57. Ke4 {[%emt 0:02:18]} Rg2 {[%emt 0:00:33]} 58. Nc3 {[%emt 0:02:29]} Rxg5 {[%emt 0:00:32]} 59. Rd1 {[%emt 0:00:49]} Rg4+ {[%emt 0:01:17]} 60. Kd3 {[%emt 0:00:02]} Rg3+ {[%emt 0:00:24]} 61. Kc2 {[%emt 0:01:02]} Be5 {[%emt 0:01:08]} 62. Ne2 {[%emt 0:00:47]} Re3 {[%emt 0:00:16]} 63. Nc1 {[%emt 0:01:18]} g5 {[%emt 0:01:04]} 64. Rh1 {[%emt 0:00:41]} g4 {[%emt 0:00:36]} 65. Nd3 {[%emt 0:00:58]} Kd5 {[%emt 0:00:43]} 66. Rh5 {[%emt 0:00:46]} Kd4 {[%emt 0:00:21]} 67. Nc1 {[%emt 0:00:31]} Ke4 {[%emt 0:01:14]} 68. Rg5 {[%emt 0:00:45]} Rc3+ {[%emt 0:00:28]} 69. Kd2 {[%emt 0:00:25]} Rxc1 {[%emt 0:00:59]} 70. Rxg4+ {[%emt 0:00:01]} Kf5 {[%emt 0:00:37]} 0-1

[Event "EYCC 2017"]
[Site "Mamaia"]
[Date "2017.09.11"]
[Round "6"]
[White "Bronstein, Or"]
[Black "Kevlishvili, Robby"]
[Result "1-0"]
[WhiteElo "2308"]
[BlackElo "2450"]
[Annotator "TA"]
[PlyCount "79"]
[EventDate "2017.??.??"]
[EventType "swiss"]
[EventCountry "ROU"]
[SourceTitle "playchess.com"]
[Source "ChessBase"]
[SourceQuality "1"]

{[%evp 21,78,17,24,10,24,20,25,20,33,2,6,0,0,0,0,7,40,0,10,0,5,0,0,-2,-7,-12,-15,-25,0,0,0,0,0,0,35,0,104,39,452,460,395,231,223,223,218,208,347,354,417,416,436,293,261,258,774,768,768,768,29999]} 1. d4 d5 2. c4 c6 3. cxd5 cxd5 4. Bf4 Nc6 5. e3 Nf6 6. Nc3 Bg4 7. Qb3 {D10: Slav Defence: 3 cxd5 (without early Nf3) and 3 Nc3} (7. Be2 Bxe2 8. Ngxe2 e6 9. O-O Be7 10. Rc1 O-O 11. Na4 Rc8 12. Bg5 Ne4 13. Bxe7 Qxe7 14. Nec3 Nf6 {½-½ (30) Grandelius,N (2644)-Saric,I (2632) Linares 2017}) 7... Na5 8. Qa4+ Bd7 9. Qc2 Rc8 10. Bd3 e6 11. Nf3 Be7 {LiveBook: 95 Games} 12. O-O O-O 13. h3 b5 {[%cal Bb7b5,Bb5b4][%mdl 32] Hoping for ...b4.} 14. Qe2 Nc4 $146 ({Predecessor:} 14... b4 15. Nb1 Nc4 {½-½ (46) Lesiege,A (2521)-Bartell,T (2345) chess.com INT 2017}) 15. Ne5 b4 16. Nb1 {[%cal Re5c4]} Nxe5 17. Bxe5 a5 18. a3 Ne4 19. axb4 Bxb4 20. Na3 f6 21. Bh2 Qb6 {[#]} 22. Nc4 $1 {[%mdl 512]} dxc4 (22... Rxc4 23. Bxe4) 23. Bxe4 Bb5 24. Rfb1 c3 25. Qh5 f5 26. bxc3 Rxc3 27. Bf3 Bd3 (27... Qd8 $5 {[%cal Rb5e8]} 28. Be2 Be8 $11) 28. Rb2 Qb5 (28... Qd8 $11) 29. Be5 (29. Bd6 $1 $16 {[%cal Rd6f8]} Rfc8 30. Be5) 29... Qc4 $2 {[%mdl 8192]} ({Better is} 29... Qd7 $14) 30. Qg5 $18 {[%csl Ge5][%cal Rg5g7]} Rf7 {With the idea ...Rc1+.} 31. d5 (31. Ra4 $142 Rb3 32. Rxb3 Qxb3 33. Qd8+ Rf8 34. Qc7 $1 {[%mdl 512]}) 31... Rc1+ 32. Rxc1 Qxc1+ 33. Kh2 Qc8 {[#]} (33... Qc5 {was called for.} 34. Qd8+ Rf8) 34. Bh5 $1 {[%cal Rh5f7]} Ra7 35. dxe6 Qxe6 36. Qd8+ Bf8 37. f4 $40 {[%mdl 128] And now Rb8 would win. White goes for the king.} Rd7 $2 {[#]} (37... Qd7 38. Qb8 Be4) 38. Qxf8+ $1 {[%mdl 512]} Kxf8 39. Rb8+ Ke7 40. Re8# {Precision: White = 43%, Black = 38%.} 1-0

[Event "EYCC 2017"]
[Site "Mamaia"]
[Date "2017.09.11"]
[Round "6"]
[White "Szpar, Milosz"]
[Black "Fakhrutdinov, Timur"]
[Result "1/2-1/2"]
[WhiteElo "2308"]
[BlackElo "2441"]
[Annotator "TA"]
[PlyCount "95"]
[EventDate "2017.??.??"]
[EventType "swiss"]
[EventCountry "ROU"]
[SourceTitle "playchess.com"]
[Source "ChessBase"]
[SourceQuality "1"]

{[%evp 25,95,30,29,0,12,0,0,-12,-14,-11,8,-49,-43,-62,-60,-60,-65,-68,-37,-79,-60,-64,-47,-57,-52,-63,-51,-47,-57,-46,-43,-58,-47,-50,-40,-44,-32,-33,0,-18,0,0,0,0,0,0,0,0,0,0,0,0,0,0,0,0,16,0,0,0,0,0,0,0,0,0,0,0,0,0,0,0]} 1. e4 e5 2. Nf3 Nc6 3. Bb5 Nf6 4. O-O Nxe4 5. d4 Nd6 6. Bxc6 dxc6 7. dxe5 Nf5 8. Qxd8+ Kxd8 9. h3 Be7 {C67: Ruy Lopez: Berlin Defence: 4 0-0 Nxe4} (9... Ke8 10. Nc3 h5 11. Bf4 Be7 12. Rad1 Be6 13. Ng5 Rh6 14. Rfe1 Bb4 15. g4 hxg4 16. hxg4 Ne7 17. Nxe6 Rxe6 18. Kg2 Bxc3 19. bxc3 {½-½ (45) Vachier Lagrave,M (2791)-Karjakin,S (2773) Saint Louis 2017}) 10. Nc3 Nh4 11. Nxh4 Bxh4 12. Be3 h5 13. Rad1+ Ke8 $1 {LiveBook: 5 Games} 14. Rd2 Be7 $146 ({Predecessor:} 14... Bf5 15. Ne2 Rd8 16. Nd4 Bc8 17. Rfd1 Be7 {½-½ (51) Babault,P (2412)-Anic,D (2381) Drancy 2016}) 15. a3 Bf5 16. Ne2 Rd8 17. Nd4 Bh7 (17... Bc8 {feels hotter.} 18. b4 g5 19. c4 g4 20. hxg4 hxg4 21. Rfd1 a6) 18. f4 ({White should play} 18. Rfd1 $11) 18... c5 $15 19. Nf3 Rxd2 20. Nxd2 Bf5 21. c3 Kd7 22. Kf2 Kc6 23. Rg1 h4 24. Rc1 Rd8 25. b4 Kb5 26. a4+ Kxa4 27. Ra1+ Kb5 28. Ra5+ Kc6 29. b5+ Kd7 30. Rxa7 Rb8 31. Ke2 Ke6 32. Nb3 {The position is equal.} Be4 33. Bxc5 Bxg2 34. Nd4+ Kd7 35. Bxe7 Kxe7 $11 {[%mdl 4096] Endgame KRB-KRN} 36. Nf5+ Kd7 37. Nxh4 Bxh3 38. Nf3 Be6 39. Ke3 Bd5 40. Ra1 {[#] Hoping for Rd1.} (40. Nd2 {looks sharper.} c6 41. bxc6+ Bxc6 42. Nc4 Rh8 43. Nd6) 40... Ke7 (40... Bxf3 $5 41. Kxf3 Rh8 $11) 41. Rd1 Bxf3 (41... Bc4 {keeps more tension.} 42. b6 Rc8 43. Nd4 g6 44. bxc7 Rxc7 45. Rb1 Ba6) 42. Kxf3 {KR-KR} Ra8 43. Rd5 b6 44. Ke4 g6 45. Rd4 Ra5 46. Rc4 Kd7 47. Rd4+ Ke6 48. Rc4 {Precision: White = 44%, Black = 46%.} 1/2-1/2

[Event "EYCC 2017"]
[Site "Mamaia"]
[Date "2017.09.11"]
[Round "6"]
[White "Bohus, Adam"]
[Black "Gaifullin, Artur"]
[Result "1/2-1/2"]
[WhiteElo "2305"]
[BlackElo "2413"]
[Annotator "TA"]
[PlyCount "142"]
[EventDate "2017.??.??"]
[EventType "swiss"]
[EventCountry "ROU"]
[SourceTitle "playchess.com"]
[Source "ChessBase"]
[SourceQuality "1"]

{[%evp 25,142,29,27,17,26,-4,0,0,6,-10,-12,-54,-36,-46,-25,-20,-25,-40,-37,-100,-66,-60,-58,-51,-52,-64,-64,-61,-53,-98,-94,-155,-104,-107,-92,-110,-110,-112,-114,-121,-112,-183,-187,-189,-187,-179,-151,-117,-101,-125,-66,-70,-70,-57,-45,-52,-49,-52,-53,-61,-42,-42,-42,-82,-83,-79,-77,-86,-86,-87,-15,-21,0,0,0,0,0,0,0,0,0,0,0,-189,-187,-161,0,0,0,0,0,0,0,0,0,0,0,0,0,0,0,0,0,0,0,0,0,0,0,0,0,0,0,0,0,0,0,0,0]} 1. d4 d5 2. c4 e6 3. Nc3 Nf6 4. Nf3 Be7 5. Bf4 O-O 6. e3 c5 7. dxc5 Bxc5 8. cxd5 Nxd5 9. Nxd5 exd5 10. Bd3 Bb4+ {D37: Queen's Gambit Declined: 5 Bf4} 11. Nd2 Nc6 12. O-O Be7 13. a3 Bf6 {LiveBook: 3 Games} 14. Nf3 {[#]} ({But not} 14. Qh5 g6 $15) 14... g6 $146 ({Predecessor:} 14... Qe7 15. h3 g6 16. Qd2 Be6 17. Rac1 Rfd8 18. b4 {½-½ (76) Giri,A (2771)-Karjakin,S (2781) Stavanger 2017}) 15. Qd2 Qb6 16. Rab1 Bg4 17. Be2 Rad8 18. Bg5 (18. h3 {looks sharper.} Bxf3 19. Bxf3 d4 20. Qc2 g5 21. Bg3) 18... Bxg5 19. Nxg5 Bxe2 20. Qxe2 d4 21. exd4 Nxd4 22. Qg4 (22. Qc4 $15) 22... h6 23. Nf3 h5 $36 {[%mdl 2048] Black has some pressure.} 24. Qh3 Ne2+ 25. Kh1 Rfe8 (25... Nf4 $5 {[%cal Rf4h3]} 26. Qg3 Nd3 $17) 26. Qh4 Nd4 27. Ng5 Qf6 28. Rfe1 (28. Nf3 $142 Qxh4 29. Nxh4) 28... Kg7 (28... Rxe1+ $142 29. Rxe1 Ne6) 29. Qg3 $17 Nf5 30. Qc3 Qxc3 31. bxc3 Rxe1+ 32. Rxe1 {[%mdl 4096] Endgame KRN-KRN} Rc8 33. Ne4 {[#]} (33. Rc1 $17) 33... Re8 $1 $19 34. f3 {[#]} Nd6 $1 {[%mdl 512]} 35. Kg1 (35. Nxd6 Rxe1#) 35... Re6 {And now ...f5 would win.} 36. Kf2 Nxe4+ 37. fxe4 $17 {KR-KR} Ra6 (37... Rc6 $17 38. Rc1 Rb6) 38. Rb1 $15 b6 39. Rb3 $1 Kf6 40. Ke3 Ra4 41. Kd3 Ke6 42. c4 Ra5 43. Kd4 h4 44. Rh3 Rg5 45. Rxh4 Rxg2 46. Rh3 Rd2+ 47. Kc3 Rd7 (47... Re2 $17 48. Kd3 Rg2) 48. Rh8 $11 Rc7 49. Kd4 Rc5 50. Re8+ Kd7 51. Re5 $1 {[%cal Re5c5]} Rc8 (51... Kd6 $5 {[%cal Rc5e5]} 52. Rd5+ Rxd5+ 53. exd5 a6 $11) 52. Rd5+ Kc7 53. Ke5 Re8+ 54. Kf6 $2 (54. Kf4 $1 $11) 54... Rxe4 $19 55. Kxf7 {[#]} Rxc4 $2 (55... Re2 $1 $19 56. h3 Re3) 56. Kxg6 $11 {The position is equal.} Rh4 57. Rd2 $1 Rh3 58. a4 Kc6 59. Rc2+ Kd5 60. Kg5 a6 61. Rb2 Kc5 62. Rc2+ Kb4 63. Rb2+ Ka5 64. Ra2 Kb4 65. Rb2+ Kxa4 {Strongly threatening ...Ka3.} 66. Rxb6 a5 67. Rb2 Ka3 68. Rf2 Kb3 69. Kg4 Rh8 70. h4 a4 71. h5 a3 {Precision: White = 70%, Black = 59%.} 1/2-1/2

[Event "EYCC 2017"]
[Site "Mamaia"]
[Date "2017.09.11"]
[Round "6"]
[White "Lazov, Toni"]
[Black "Plenca, Jadranko"]
[Result "1-0"]
[WhiteElo "2289"]
[BlackElo "2440"]
[Annotator "TA"]
[PlyCount "36"]
[EventDate "2017.??.??"]
[EventType "swiss"]
[EventCountry "ROU"]
[SourceTitle "playchess.com"]
[Source "ChessBase"]
[SourceQuality "1"]

{[%evp 20,36,53,46,51,45,53,57,83,50,53,52,90,0,0,0,13,16,12]} 1. e4 e5 2. Nf3 Nc6 3. d4 exd4 4. Nxd4 Bb4+ 5. c3 Bc5 6. Be3 Bb6 7. Nf5 Bxe3 {C45: Scotch Game} (7... g6 8. Bxb6 axb6 9. Ne3 Nf6 10. f3 O-O 11. c4 Nh5 12. Qd2 f5 13. Nc3 f4 14. Ned5 Qh4+ 15. Qf2 {1-0 (30) Yu,Y (2729)-Bu,X (2705) Doha 2016}) 8. Nxe3 d6 9. c4 Nge7 10. Bd3 O-O 11. Nc3 {LiveBook: 6 Games} Nd4 12. O-O Bd7 $146 ({Predecessor:} 12... c5 13. Qh5 g6 14. Qh6 Kh8 15. Rae1 {0-1 (26) Savchenko,B (2510)-Sorokin,M (2583) Sochi 2004}) 13. f4 Nec6 14. Ncd5 Ne7 15. e5 Nxd5 16. Nxd5 ({White should play} 16. cxd5 $16 c5 17. b4 (17. exd6 Re8 $11) (17. dxc6 Bxc6 18. Bxh7+ Kxh7 $11)) 16... c6 $1 $11 {[%cal Rc6d5] The position is equal.} 17. Nc3 ({Don't go for} 17. Qh5 $2 g6 $19) 17... dxe5 18. fxe5 Be6 {[%mdl 32768] Loss on Time!?} 1-0

[Event "EYCC 2017"]
[Site "Mamaia"]
[Date "2017.09.11"]
[Round "6"]
[White "Murzin, Volodar"]
[Black "Kirillov, Dmitry"]
[Result "1-0"]
[WhiteElo "2280"]
[BlackElo "2137"]
[Annotator "TA"]
[PlyCount "103"]
[EventDate "2017.??.??"]
[EventType "swiss"]
[EventCountry "ROU"]
[SourceTitle "playchess.com"]
[Source "ChessBase"]
[SourceQuality "1"]

{[%evp 22,103,-16,-32,22,22,31,36,84,85,67,66,72,79,76,64,111,119,106,110,118,116,109,124,107,115,143,108,147,152,137,132,178,181,174,170,170,164,169,132,168,165,179,134,196,190,242,242,298,297,375,331,389,321,381,372,619,621,1438,1417,1245,1124,1343,1337,1639,1461,1880,1548,1560,1381,1305,929,1304,1189,2030,1987,12828,29983,29986,29987,29989,29990,29990,29991]} 1. e4 c5 2. Nf3 e6 3. g3 Nc6 4. Bg2 Nf6 5. d3 d5 6. Nbd2 Be7 7. O-O O-O 8. e5 Nd7 9. Re1 Qc7 10. Qe2 b6 11. Nf1 Ba6 12. Bf4 c4 {C00: French: Unusual White 2nd moves} (12... Rfd8 $15) 13. d4 $11 Nb4 {[#] Hoping for ...c3.} 14. Qd1 Nc6 $146 {White is slightly better.} ({Predecessor:} 14... c3 15. b3 b5 16. Ne3 Qd8 17. h4 Nc6 18. Ng4 Kh8 19. Bg5 Bxg5 20. hxg5 {1-0 (31) Bodrozic,T (2195)-Cofman,V (2042) Emmendingen 2012}) 15. c3 b5 16. Ne3 b4 17. Nxd5 exd5 18. e6 Bd6 19. Bxd6 ({Don't play} 19. exd7 $6 Bxf4 20. gxf4 bxc3 $11) 19... Qxd6 20. exd7 Qxd7 21. Ne5 Nxe5 22. Rxe5 Bb7 23. cxb4 Rfe8 24. Qd2 f6 25. Rxe8+ Rxe8 26. Re1 Kf7 27. Rxe8 Qxe8 28. Qd1 g6 29. a3 Qd7 30. Qc2 Qe8 31. Bf3 Kg7 32. Kg2 Kf7 (32... Qf7 $16 {was called for.} 33. b3 Ba6) 33. b3 $18 cxb3 (33... Qb5 $142 34. Qc3 cxb3) 34. Qxb3 Qe6 35. b5 Ke7 36. Qb4+ Kd7 37. Qc5 Qb6 38. a4 Ba8 $2 {[#]} (38... Ke8 39. h4 Qxc5 40. dxc5 Ke7) 39. Qf8 Qd8 40. Qf7+ Qe7 41. Qg8 Bb7 42. Qb8 Ke6 43. Qxa7 h5 44. Qb6+ Kf7 45. Qc5 Qd7 46. h4 Kg7 47. b6 {[%cal Bb5b6,Bb6b7][%mdl 32]} Kf7 48. a5 {[%cal Ba4a5,Ba5a6][%mdl 32]} Ke6 49. Be2 Qc6 {White mates.} 50. a6 Ba8 51. Qxc6+ Bxc6 52. b7 {Precision: White = 87%, Black = 17%.} 1-0